Meilleurs pays du monde en natation artistique - Statistiques

Statistiques générales
  • Ce quiz a été pris 77 fois
  • Le résultat moyen est 25 sur 31
Statistiques - réponses
Nombre de médailles
or + argent + bronze
Pays % Correct
Championnat du monde 9 7 France
98%
Jeux olympiques 10 1 France
98%
Cumul JO et Championnat du monde 9 8 France
98%
Championnat du monde 1 67 Russie
96%
Jeux olympiques 2 10 Russie
96%
Cumul JO et Championnat du monde 1 77 Russie
96%
Championnat du monde 4 52 Chine
91%
Jeux olympiques 4 9 Chine
91%
Cumul JO et Championnat du monde 4 61 Chine
91%
Championnat du monde 5 36 Etats-Unis
91%
Jeux olympiques 2 10 Etats-Unis
91%
Jeux olympiques 8 1 Etats-Unis
91%
Cumul JO et Championnat du monde 5 46 Etats-Unis
91%
Championnat du monde 2 62 Japon
91%
Jeux olympiques 1 14 Japon
91%
Cumul JO et Championnat du monde 2 76 Japon
91%
Championnat du monde 3 59 Espagne
89%
Jeux olympiques 6 5 Espagne
89%
Cumul JO et Championnat du monde 3 64 Espagne
89%
Championnat du monde 8 14 Italie
85%
Cumul JO et Championnat du monde 8 14 Italie
85%
Jeux olympiques 8 1 Grande-Bretagne
73%
Championnat du monde 7 22 Ukraine
69%
Jeux olympiques 7 2 Ukraine
69%
Cumul JO et Championnat du monde 7 24 Ukraine
69%
Championnat du monde 6 25 Canada
67%
Jeux olympiques 5 8 Canada
67%
Cumul JO et Championnat du monde 6 33 Canada
67%
Jeux olympiques 10 1 Pays-Bas
45%
Championnat du monde 10 5 Autriche
40%
Cumul JO et Championnat du monde 10 5 Autriche
40%
Aucun quiz correspondant
Distribution des résultats
% des personnes avec chaque résultat
Percentile par nombre de réponses
Votre historique - résultats
Vous n’avez pas pris ce quiz